书目信息 |
| 题名: |
现代企业组织设计
|
|
| 作者: | 任浩 主编 | |
| 分册: | ||
| 出版信息: | 北京 清华大学出版社 2005.6 |
|
| 页数: | 572页 | |
| 开本: | 24cm | |
| 丛书名: | 21世纪工商管理MBA系列新编教材 | |
| 单 册: | ||
| 中图分类: | F272.9 | |
| 科图分类: | ||
| 主题词: | 企业管理--qi ye guan li--组织管理学 , 组织管理学--zu zhi guan li xue | |
| 电子资源: | ||
| ISBN: | 7-302-10974-5 | |
| 000 | 01180nam0 2200277 45 | |
| 001 | 012006000000 | |
| 005 | 20061113154951.64 | |
| 010 | @a7-302-10974-5@dCNY46.00 | |
| 100 | @a20060313d2005 em y0chiy0121 ea | |
| 101 | 0 | @achi |
| 102 | @aCN@b110000 | |
| 105 | @aak a 001yy | |
| 200 | 1 | @a现代企业组织设计@Axian dai qi ye zu zhi she ji@d= Modern enterprise organization design@f任浩主编@zeng |
| 210 | @a北京@c清华大学出版社@d2005.6 | |
| 215 | @a572页@c图@d24cm | |
| 225 | 2 | @a21世纪工商管理MBA系列新编教材@A21 shi ji gong shang guan li MBA xi lie xin bian jiao cai |
| 320 | @a有书目 (第552-565页)、索引 (第566-572页) | |
| 330 | @a本书系统地介绍了现代企业组织设计的含义、原理、原则和设计过程等基础知识, 详细讲述了现代企业组织设计中需要注意的问题、组织设计的方法与技巧, 并深入探讨了企业组织的结构设计、流程设计、职权设计等当前管理者关心的重大问题。 | |
| 410 | 0 | @12001 @a21世纪工商管理MBA系列新编教材 |
| 510 | 1 | @aModern enterprise organization design@zeng |
| 606 | 0 | @a企业管理@Aqi ye guan li@x组织管理学 |
| 606 | 0 | @a组织管理学@Azu zhi guan li xue |
| 690 | @aF272.9@v4 | |
| 701 | 0 | @a任浩@Aren hao@4主编 |
| 801 | 0 | @aCN@c20061113 |
| 905 | @a10447@dF272.9@eR476 | |
| 现代企业组织设计= Modern enterprise organization design/任浩主编.-北京:清华大学出版社,2005.6 |
| 572页:图;24cm.-(21世纪工商管理MBA系列新编教材) |
| ISBN 7-302-10974-5:CNY46.00 |
| 本书系统地介绍了现代企业组织设计的含义、原理、原则和设计过程等基础知识, 详细讲述了现代企业组织设计中需要注意的问题、组织设计的方法与技巧, 并深入探讨了企业组织的结构设计、流程设计、职权设计等当前管理者关心的重大问题。 |
| ● |
| 相关链接 |
|
|
|
正题名:现代企业组织设计
索取号:F272.9/R476
 
预约/预借
| 序号 | 登录号 | 条形码 | 馆藏地/架位号 | 状态 | 备注 |
| 1 | 637975 | 206379756 | 社科库409/409社科库 88排3列5层/ [索取号:F272.9/R476] | 在馆 | |
| 2 | 637976 | 206379765 | 社科库409/ [索取号:F272.9/R476] | 在馆 |